O soldado João (Registo nº 28671)

Detalhes MARC
000 -Etiqueta do registo
Valores 00588cam a2200229 4500
090 ## -
-- 28671
095 ## -
-- PTBN00467188
100 ## - Dados gerais de processamento
Dados gerais 20071019d197 a y0pory5003 ba
101 0# - Língua de publicação
-- por
102 ## - País de publicação
-- PT
200 1# - Titulo e menção de responsabilidade
Título próprio O soldado João
Primeira menção de responsabilidade Luísa Ducla Soares
Outras menções de responsabilidade il. Zé Manel
210 ## - Publicação
Local de publicação [S.l.]
Nome do editor Estúdios Cor,
Data de publicação [197-]
215 ## - Descrição física 
Paginação / Volumes 20 p.
Outras indicações físicas il.
225 2# - Colecção 
Título próprio da colecção Cor infantil
Indicação de volume 1
675 ## - CDU
Notação 087.5
Edição BN
Língua por
700 #1 - Autor principal (pessoa individual)
Apelido Soares,
Nome Luísa Ducla,
Datas 1939-
ID Autoridade 2431
702 #1 - Autor secundário (pessoa individual)
Apelido Manel,
Nome Zé,
-- pseud.
-- 440
801 #0 - Fonte de origem
País PT
Agência BN
Regras de catalogação RPC
930 ## -
-- BECRE
990 ## - Elementos KOHA
Tipo de documento Livro
995 ## - Localização e informação dos exemplares
-- 18
995 ## - Localização e informação dos exemplares
-- 18
995 ## - Localização e informação dos exemplares
-- 18
995 ## - Localização e informação dos exemplares
-- 18
995 ## - Localização e informação dos exemplares
-- 18
Exemplares
Situação do levantamento Estado Biblioteca de origem Biblioteca de empréstimo Código de barras Cota Permissão de empréstimo Tipo de documento
  Completo Biblioteca da Escola Básica de Aguiar Biblioteca da Escola Básica de Aguiar 274BA 087.5 SOA Disponível Livro
  Completo Biblioteca da Escola Básica de Aguiar Biblioteca da Escola Básica de Aguiar 317BA 087.5 SOA Disponível Livro
  Completo Biblioteca do Centro Escolar de Viana do Alentejo Biblioteca do Centro Escolar de Viana do Alentejo 1199BV 087.5 SOA Disponível Livro
  Completo Biblioteca do Centro Escolar de Viana do Alentejo Biblioteca do Centro Escolar de Viana do Alentejo 1200BV 087.5 SOA Disponível Livro
  Completo Biblioteca do Centro Escolar de Viana do Alentejo Biblioteca do Centro Escolar de Viana do Alentejo 1201BV 087.5 SOA Disponível Livro




Powered by Koha